Essentials of Cash Flow (Record no. 4608)

MARC details
005 - DATE AND TIME OF LATEST TRANSACTION
control field 20250623081500.0
020 ## - INTERNATIONAL STANDARD BOOK NUMBER
International Standard Book Number 0-471-22100-7
082 ## - DEWEY DECIMAL CLASSIFICATION NUMBER
Classification number 658.15 SCH
100 ## - MAIN ENTRY--PERSONAL NAME
Author name SCHAEFFER, A . H
245 ## - TITLE STATEMENT
Title Essentials of Cash Flow
260 ## - PUBLICATION, DISTRIBUTION, ETC.
Place of publication, distribution, etc. New Jersey
Name of publisher, distributor, etc. John Wiley & Sons
Date of publication, distribution, etc. 2002.
300 ## - PHYSICAL DESCRIPTION
Extent xii,260p.: ill.; tables
Other physical details Index
Dimensions 22cm
942 ## - ADDED ENTRY ELEMENTS (KOHA)
Source of classification or shelving scheme Dewey Decimal Classification
Koha item type Books
Holdings
Date last seen Total checkouts Full call number Barcode Cost, replacement price Price effective from Koha item type Lost status Source of classification or shelving scheme Damaged status Not for loan Withdrawn status Home library Current library Shelving location Date acquired Source of acquisition Cost, normal purchase price
06/23/2025   658.15 SCH MZA0001973 276894.00 06/23/2025 Books   Dewey Decimal Classification       CBE Mwanza CBE Mwanza General Collection 04/23/2020 Library Budget 92298.00
06/23/2025   658.15 SCH MZA0001974 276894.00 06/23/2025 Books   Dewey Decimal Classification       CBE Mwanza CBE Mwanza General Collection 04/23/2020 Library Budget 92298.00
06/23/2025   658.15 SCH MZA0001975 276894.00 06/23/2025 Books   Dewey Decimal Classification       CBE Mwanza CBE Mwanza General Collection 04/23/2020 Library Budget 92298.00
06/23/2025   658.15 SCH MZA0001976 276894.00 06/23/2025 Books   Dewey Decimal Classification       CBE Mwanza CBE Mwanza General Collection 04/23/2020 Library Budget 92298.00